Katherine Mayo and India / (Record no. 22324)

MARC details
000 -LEADER
fixed length control field 00730nam a2200253 4500
001 - CONTROL NUMBER
control field 769808
003 - CONTROL NUMBER IDENTIFIER
control field BDDh-ASL
005 - DATE AND TIME OF LATEST TRANSACTION
control field 20231015030122.0
008 - FIXED-LENGTH DATA ELEMENTS--GENERAL INFORMATION
fixed length control field 720324s1971 ii b 001 0 eng
010 ## - LIBRARY OF CONGRESS CONTROL NUMBER
LC control number 71925805
040 ## - CATALOGING SOURCE
Original cataloging agency DLC
Transcribing agency DLC
Modifying agency DLC
-- BDDh-ASL
043 ## - GEOGRAPHIC AREA CODE
Geographic area code a-ii---
050 00 - LIBRARY OF CONGRESS CALL NUMBER
Classification number DS421
Item number .J47
082 ## - DEWEY DECIMAL CLASSIFICATION NUMBER
Classification number 920.954
Item number JHK
100 1# - MAIN ENTRY--PERSONAL NAME
Personal name Jha, Manoranjan,
Dates associated with a name 1928-
245 10 - TITLE STATEMENT
Title Katherine Mayo and India /
260 ## - PUBLICATION, DISTRIBUTION, ETC.
Place of publication, distribution, etc. New Delhi :
Name of publisher, distributor, etc. People's Pub. House,
Date of publication, distribution, etc. [1971]
300 ## - PHYSICAL DESCRIPTION
Extent xii, 128 p. :
Dimensions 22 cm.
350 ## - PRICE (NR) (BK AM CF MU VM SE) [OBSOLETE]
Price Rs12.50
504 ## - BIBLIOGRAPHY, ETC. NOTE
Bibliography, etc. note Includes bibliographical references.
600 10 - SUBJECT ADDED ENTRY--PERSONAL NAME
Personal name Mayo, Katherine,
Dates associated with a name 1868?-1940.
Title of a work Mother India.
906 ## - LOCAL DATA ELEMENT F, LDF (RLIN)
a 7
b cbc
c orignew
d 4
e ncip
f 19
g y-gencatlg
942 ## - ADDED ENTRY ELEMENTS (KOHA)
Source of classification or shelving scheme Dewey Decimal Classification
Koha item type Books
Holdings
Withdrawn status Lost status Source of classification or shelving scheme Damaged status Not for loan Collection code Home library Current library Shelving location Date acquired Source of acquisition Total Checkouts Full call number Barcode Date last seen Copy number Price effective from Koha item type Public note
    Dewey Decimal Classification     Non-fiction Asiatic Society Library Asiatic Society Library General Stacks 02/24/2021 ASB Library Collections   920.954 JHK 106535 02/24/2021 C-1 02/24/2021 Books RARE

Powered by Koha